[Event "8th EUROPEAN INDIVIDUAL CHESS CHAMPIONSHIP"]
[Site "Dresden/Germany"]
[Date "2007.04.11"]
[Round "8.39"]
[White "Predojevic, Borki"]
[Black "Pashikian, Arman"]
[Result "1-0"]
[WhiteElo "2609"]
[BlackElo "2538"]
[Annotator "Ëåáåäåâ Âàñèëèé"]
[PlyCount "59"]
[EventDate "2007.04.03"]

{Ëþáîïûòíûå è «ðàçíîìàñòíûå» ñîáûòèÿ ïðèêëþ÷èëèñü â ñëåäóþùåé ïàðòèè.} 1.
e4 e5 2. Nf3 Nc6 3. Bc4 Bc5 4. c3 Nf6 5. d3 d6 6. O-O a6 7. Bb3 Ba7 8. h3 h6 9.
Nbd2 O-O 10. Re1 Be6 11. Bc2 d5 12. Qe2 dxe4 13. Nxe4 Re8 14. Ng3 Qd7 15. Be3 {
÷¸ðíûå ñâîèì õîäîì (} Bb6 {) ñòàâÿò ëîâóøêó, â êîòîðóþ ñîïåðíèê ñ îãðîìíîé
ðàäîñòüþ «ïîïàäàåòñÿ». Âåäü èõ ïîçèöèÿ íå óõóäøàåòñÿ, à èíèöèàòèâà - òåïåðü
ñîõðàíÿåòñÿ äî ñàìîãî êîíöà ïàðòèè.} 16. Bxb6 cxb6 17. Nxe5 Nxe5 18. Qxe5 Bb3
$1 {Âèäèìî, ÷¸ðíûå íà ýòîì êðàñèâîì õîäå è çàêîí÷èëè ñâîé ðàñ÷¸ò.} 19. Bxb3
{Óáîéíàÿ ñèëà ýòîãî ñëîíà ïî ìåðå ïðèáëèæåíèÿ ê ôèíàëó ïàðòèè áóäåò âñ¸
âîçðàñòàòü è âîçðàñòàòü, ïîêà íå ñðàâíÿåòñÿ ñ ñèëîé îòñóòñòâóþùåãî íà äîñêå
ôåðçÿ.} Rxe5 20. Rxe5 {Ìíå äóìàåòñÿ, ÷òî íèêàêîãî òàêîãî óæ ñîâñåì ðåøàþùåãî
ïðåèìóùåñòâà ó áåëûõ íåò. Åñòü òîëüêî âîçìîæíîñòü èãðàòü â ñâî¸ óäîâîëüñòâèå.
È ýòî óæå íåìàëî.} Re8 ({Åñòü ïåøêó, ðàçóìååòñÿ, íå ðåêîìåíäóåòñÿ:} 20... Qxd3
21. Rd1 {È ðàçáåð¸ì äâà âîçìîæíûõ îòñòóïëåíèÿ ôåðçÿ:} Qh7 $2 {
Êîíå÷íî, ïëîõî, íî ðàäè êðàñîòû àíàëèçà, ìîæíî è ïîñìîòðåòü:} 22. Re7 Rf8 23.
Rxf7 $1 Nd5 $5 {Âñ¸ îñòàëüíîå íåñåðü¸çíî, à ýòî äà¸ò êàêèå-òî, âåñüìà
ìèìîë¸òíûå íàäåæäû íà ñïàñåíèå. Ïðèâåäó ñàìûé ãëÿíóâøèéñÿ ìíå «îïðîâåðãàòåëüíûé»
âàðèàíò:} 24. Rf5 $1 Rxf5 25. Nxf5 Qxf5 26. Rxd5 {
×èñòî ýòþäíîå áàòàðåéíîå íàïàäåíèå! Ôåðçþ íåêóäà ñêðûòüñÿ!}) ({
Êîíå÷íî (ïîñëå} 20... Qxd3 21. Rd1 {) ëó÷øå} Qg6 22. Nf5 Kh8 {. À ñåé÷àñ
ñëåäóåò õîä, êîòîðûì ïî ïðàâó ìîæåò ãîðäèòüñÿ êòî óãîäíî. Äàæå íàøåäøàÿ åãî
ïîñëå 20-ìèíóòíîãî îáäóìûâàíèÿ Rybka ;) -} 23. f4 $3 {È ÷¸ðíûì òÿæåëî:} Re8 (
23... Nh5 24. Rd6 Qh7 25. Nxh6 $1 gxh6 26. Rxh5 {è ò.ä.}) (23... Rf8 24. Rd6 {
- ïî÷òè öóãöâàíã. Õîòÿ, âèäèìî, èìåííî íà ýòîì íàïðàâëåíèè è íàäî èñêàòü
øàíñû îòáèòüñÿ}) 24. Ne7 Qh7 25. g4 $3 ({íî íå} 25. Bxf7 $2 Qc2 $1) 25... Rf8 (
25... g5 26. Nd5 $1) (25... b5 26. f5) 26. Bxf7 $1 {è ò.ä.} {Íàïðèìåð,} Rxf7
27. Rd8+ Ng8 28. f5 $1 Rxe7 29. Rxe7 h5 30. Ree8 {
, ïåðåõîäÿ â âûèãðàííûé «ïåøå÷íèê»}) 21. d4 b5 ({Íå êàæåòñÿ óäà÷íûì è} 
21... Rxe5 {. Âåäü ïîñëå} 22. dxe5 {, âî ïåðâûõ: êîíü îòáðàñûâàåòñÿ} Nh7 $6 ({
èëè} 22... Ne8) {. Âî-âòîðûõ, ëàäüÿ áåëûõ ñ òåìïîì âõîäèò â èãðó -} 23. Rd1 {
è ò.ä.}) 22. Rae1 {
Ïîçèöèÿ áåëûõ ñòàíîâèòñÿ âñ¸ áîëåå ïðèâëåêàòåëüíîé, ãðîçíîé è ãàðìîíè÷íîé.} g6
({À òåïåðü} 22... Rxe5 {ñîâñåì ïëîõî:} 23. dxe5 Qe7 ({
è òàêòè÷åñêèå óõèùðåíèÿ íå ïîìîãóò; ñîâñåì ïëîõî} 23... Nh7 24. e6 $18) 24.
Re3 Ne8 (24... Nh7 25. e6 f6 26. Nf5) 25. e6 f6 26. Nf5 (26. Rd3 f5) 26... Qc5
27. e7+ Kh7 28. Bf7 Nc7 {È òåïåðü ñëåäóåò, êàê ëþáÿò ãîâîðèòü êîììåíòàòîðû/
îáîçðåâàòåëè, «ïîä÷¸ðêèâàþùèé ïðåèìóùåñòâî» õîä} 29. g4 ({èëè} 29. Nd4 Qd6
30. Ne6 Qd1+ 31. Kh2 Qd6+ 32. f4)) 23. f4 b4 ({Ñòîÿòü è æäàòü (òèïà} 23... Kg7
{) íå êàæäîìó ïî äóøå. À òàê - õîòü ñîçäàäèì ìèíè-íàïðÿæåíèå íà ôëàíãå.}) 24.
Ne4 Nxe4 (24... Rxe5 25. Nxf6+ Kg7 26. fxe5) 25. R1xe4 Rxe5 26. fxe5 Qf5 {
Èíà÷å òðåùèò ïóíêò f7.} 27. Re1 bxc3 $4 {Íó âîò áåëûå è äîæäàëèñü îøèáêè
ïðîòèâíèêà, âñþ âòîðóþ ïîëîâèíó ïàðòèè íàõîäÿùåãîñÿ ïîä æ¸ñòêèì ïðåññèíãîì.}
({Íàäî áûëî èñïîëüçîâàòü ñâîé 23-é õîä ïóò¸ì} 27... Qd3 $1 28. Rf1 bxc3 $1 {
è åñëè} 29. Rxf7 ({Íå âûèãðûâàþò áåëûå è â ñëó÷àå} 29. bxc3 Qxc3 30. Rxf7
Qxd4+ 31. Kh1 Kh8 $1 {(åäèíñòâåííîå). Íàïðèìåð,} 32. e6 Qa1+ (32... b5 33. e7
Qa1+ 34. Kh2 Qe5+ 35. Kg1 Qe1+) 33. Kh2 Qe5+ 34. Kg1 Qe1+ 35. Rf1 Qe3+ 36. Kh1)
{íàäåÿñü íà «êîìáèíàöèîííîå»} 29... cxb2 $2 ({îäíàêî} 29... c2 $1 {âûíóæäàåò}
30. Rf1+ Kg7 31. Rf7+ Kh8 $11) {, è ïîñëå} 30. Rf3+ Kg7 31. Rxd3 b1=Q+ 32. Rd1
Qb2 {ïåøêè áåëûõ íå îñòàíîâèòü:} 33. e6 Kf8 (33... Qe2 34. d5 Kf8 35. d6) 34.
d5 $18) 28. e6 $1 {È ÷¸ðíóþ ëàâî÷êó ìîæíî çàêðûâàòü.} cxb2 29. e7 (29. exf7+
Kg7) 29... Qe4 30. e8=Q+ {Òîâàðèùè, äðóçüÿ, íå áîéòåñü æåðòâîâàòü ôåðçÿ!} 1-0

[Event "8th EUROPEAN INDIVIDUAL CHESS CHAMPIONSHIP"]
[Site "Dresden/Germany"]
[Date "2007.04.11"]
[Round "8.58"]
[White "Narciso Dublan, Marc"]
[Black "Karjakin, Sergey"]
[Result "0-1"]
[WhiteElo "2539"]
[BlackElo "2686"]
[Annotator "Ëåáåäåâ Âàñèëèé"]
[PlyCount "50"]
[EventDate "2007.04.03"]

{Äàâå÷à íà ôîðóìå îáñóæäàëîñü âîïðîñ «âõîäèò ëè â øàõìàòíóþ ýëèòó Ñåðãåé
Êàðÿêèí?» Þíûé óêðàèíåö, êàê âñåì èçâåñòíî, áûë â ñâî¸ âðåìÿ ñàìûì ìîëîäûì
ãðîññìåéñòåðîì â ìèðå, à òàêæå òðåíåðîì ;) ïî òàêòèêå ó Ðóñëàíà Ïîíîìàð¸âà âî
âðåìÿ ÷åìïèîíàòà èðà ÔÈÄÅ â 2002-ì ãîäó â Ìîñêâå. Ïî êðàéíåé ìåðå, â
ñóïåðòóðíèðû åãî ïðèãëàøàþò... È â ñëåäóþùåé ïàðòèè îí ïåðåä ñâîèì
ïðîòèâíèêîì ïîñòàâèë çàäà÷è, ðåøèòü êîòîðûå òîò íå ñìîã.} 1. e4 c5 2. Nf3 d6
3. d4 cxd4 4. Nxd4 Nf6 5. Nc3 a6 6. Bg5 e6 7. f4 Qc7 8. Qf3 b5 9. Bxf6 gxf6 10.
Bd3 b4 11. Nce2 Nd7 12. O-O h5 13. a3 bxa3 14. Rxa3 Bb7 15. Kh1 f5 16. Qe3 Rg8
17. Rf3 {Ïîñëå ìàò÷à Âëàäèìèðà Êðàìíèêà ñ Ôðèöåì ñòàëî «ìîäíî» âûâîäèò
ëàäüè íà òðåòüþ ãîðèçîíòàëü â «ñèöèëèàíêå»... Íàïðÿæåíèå â ïàðòèè,
îñîáåííî â öåíòðå, äîñòèãëî ñâîåé êðèòè÷åñêîé òî÷êè. Ñåé÷àñ ïðîèçîéäåò
ðàçðÿä. Òî åñòü òàê äîëæíî áûëî ñëó÷èòüñÿ.} Nf6 ({
Ðàçóìååòñÿ, ñíÿòèå íàïðÿæåíèÿ â öåíòðå íå îáñóæäàåòñÿ:} 17... fxe4 18. Bxe4 d5
({èëè} 18... Nc5 19. Bxb7 Qxb7 20. f5 $1) 19. Rc3 $1 Qa5 20. Bd3 {
, è â ñëó÷àå, íàïðèìåð,} Bb4 {ïîñëåäóåò, êîíå÷íî æå,} 21. Nxe6 $1) 18. exf5
Ng4 {Ïîñëå ýòîãî êîìáèíàöèîííûé ñìåð÷ ìîã óíåñòè ìíîãî ôèãóð ñ äîñêè...} ({
Îïÿòü æå îòáðàñûâàåì íà ñâàëêó èñòîðèè ïðîäîëæåíèå} 18... Bxf3 19. Qxf3 d5 20.
Bb5+ $1) ({À â ñëó÷àå} 18... e5 $5 {áåëûå, ïîõîæå, óäåðæèâàþò ïðèìåðíîå
ðàâåíñòâî è «îáîþäîñòðîñòü» ïîçèöèè ïóò¸ì} 19. Rc3 Qe7 20. Nc6 $1 ({ñëàáåå} 
20. fxe5 {ââèäó} Nd5 $1 21. f6 Qxe5 22. Qe4 Rg4 23. Qxe5+ dxe5 24. Rb3 O-O-O $1
{ñ ïåðåâåñîì ÷¸ðíûõ}) 20... Bxc6 21. Rxc6 e4 22. Bxe4 Qxe4 23. Rc7 $1 Qxe3 (
23... h4 24. Qb3) ({à íà} 23... Rb8 {, ïî êðàéíåé ìåðå, åñòü «ðûáà»:} 24. Qa7
Ra8 25. Qe3) 24. Rxe3+ Kd8 25. Rxf7 {è ò.ä.}) 19. Qg1 $2 {
Òþ! Òàê ñóïåðÑåð¸æó íå ïîáåäèòü!} ({Ïëîõî ýòî èëè õîðîøî, âèäåë èëè íåò
èãðàþùèé áåëûìè âïåð¸ä íà îäèí õîä èëè íà ñòî, à èãðàòü íàäî áûëî} 19. Nxe6 $1
{è ñ ìåñòà â êàðüåð íà÷èíàåì âåòâèòüñÿ:} {
È ñàìîå-ñàìîå áóäåò ïðîèñõîäèòü ïîñëå} Qe7 $5 (19... Qb8 20. Qd4 fxe6 21. fxe6
Bxf3 22. Qa4+ {- ýòî êîíå÷íî, íå âàðèàíò, à òàê, áàëîâñòâî.}) (19... fxe6 20.
Qxe6+ Qe7 21. Qxg8 Qh4 22. h3 ({ïîñëå} 22. Qg6+ {ñðàçó ïîëó÷àåòñÿ íè÷üÿ:})
22... Bxf3 23. Qg6+ $1 Kd7 (23... Kd8 24. Qg5+) 24. Qf7+ Be7 25. Qe6+ Kc7 26.
Rc3+ Kd8 27. Qg8+ Kd7 {ñ âå÷íûì øàõîì. Ýòî óæå áîëüøå ïîõîæå íà ïðàâäó}) {
È îïÿòü ðàçâèëêà:} 20. Qb6 fxe6 (20... Bxf3 21. Bb5+ $1) 21. fxe6 Bh6 $1 (21...
Bg7 22. Rb3 Bxf3 23. gxf3) 22. Bxa6 {È ñûãðàåì ïîâåñåëåå:} Bxf3 $5 ({
òåïåðü ãîëîâîëîìíîå ðàâåíñòâî ñîõðàíÿåòñÿ è ïîñëå} 22... Rxa6 23. Rxa6 Bxa6 24.
Qc6+ ({ñâîÿ, íè÷åéíàÿ, ïðàâäà è ïîñëå} 24. Qb8+ Qd8 25. Qa7 Rg7 26. Qxa6 Qh4
27. Qc8+ Ke7 28. Qc7+ Ke8) 24... Kf8 25. Qxa6 Qxe6 26. h3 Nf6 27. Nd4) 23. gxf3
Rxa6 $1 24. Rxa6 Qb7 $3 {Óïñ!} 25. Kg1 (25. Qxb7 $4 Nf2#) 25... Ne5+ 26. Ng3 (
26. Kf2 Qxf3+ 27. Ke1 Qh1+ 28. Kd2 Nc4+) 26... Qxb6+ 27. Rxb6 Ke7 $1 ({
îïÿòü åäèíñòâåííîå, ïîýòîìó ëåãêî íàõîäèìîå, ïëîõî} 27... Nxf3+ 28. Kf2 Nd4 29.
Rb8+) {È ó áåëûõ ìîãóò âîçíèêíóòü ïðîáëåìû ïîñëå} 28. Rb4 $6 ({
ïðàâèëüíî òóò, êàæåòñÿ,} 28. Rb7+ Kxe6 29. fxe5 h4 30. exd6 hxg3 31. hxg3 Rxg3+
32. Kf2 Rg7 {- óæ ýòó ïîçèöèÿ áåëûìè ïðîèãðàòü íåâîçìîæíî ïðè âñ¸ì æåëàíèè!})
28... Bxf4 $1 29. Rxf4 h4 $1 30. Kg2 hxg3 31. hxg3 Rc8 32. c3 Nd3 {
è ò.ä. - âåäü ó ÷¸ðíûõ ñîõðàíÿåòñÿ îäíà ïåøêà...}) ({Íî ïðîäîëæèì (ïîñëå} 19.
Nxe6 $1 Qe7 $5 {) ïîèñê âñÿ÷åñêèõ âêóñíîñòåé:} 20. Bb5+ $1 axb5 21. Rxa8+ Bxa8
22. Nc7+ Kd8 (22... Kd7 $4 23. Qa7 $1 $18) 23. Qxe7+ Bxe7 24. Nxa8 Bf6 ({
ê ïåðåñòàíîâêå õîäîâ ïðèâîäèò} 24... Re8 25. h3 Bf6 $1) 25. h3 Re8 26. hxg4 ({
èçëèøíå îïòèìèñòè÷íî:} 26. c3 Rxe2 27. hxg4 hxg4 28. Rd3 Rxb2 29. Rxd6+ Kc8 $1
{- è íåò} 30. Rxf6 $4 g3) 26... hxg4 27. Rf2 g3 28. Rf3 ({õóæå} 28. Nxg3 Bd4 $1
) 28... Rxe2 29. Rxg3 Rxc2 30. Rg8+ Ke7 (30... Kd7 $4 {ïðîèãðûâàåò èç-çà} 31.
Nb6+ {, è ôèãóðû ÷¸ðíûõ îêàçûâàþòñÿ óäèâèòåëüíî íåóäà÷íî ðàñïîëîæåííûìè})
31. Nb6 Bxb2 32. Nd5+ Kd7 33. Nb6+ {Î÷åðåäíîé ôàíòàñòè÷åñêèé âàðèàíò
ìåõàíèçìà âå÷íîãî øàõà. È êòî òóò åù¸ íå ñîãëàñåí ñ òåì ôàêòîì, ÷òî øàõìàòû
íåèñ÷åðïàåìû? ;)}) {À â ïàðòèè ïîñëåäîâàëî} 19... e5 {
. È ÷¸ðíàÿ ëàâèíà èä¸ò íà áåäíîãî áåëîãî êîðîëÿ ñî âñåõ ñòîðîí.} 20. Rc3 Qb6
$6 {Âèäèìî, íåòî÷íîñòü.} ({Ñèëüíåå áûëî} 20... Qd7 $1 {è ïîñëå ëó÷øåãî} 21.
Nb3 $5 ({õóæå} 21. f6 exd4 22. Qxd4 Bxf3 23. gxf3 Nxf6 24. Qxf6 Be7 25. Qf5 ({
èëè} 25. Qd4 Qh3 26. Qf2 Bh4 27. Ng1 Bxf2 28. Nxh3 Bc5 $17) 25... Qxf5 26. Bxf5
Bf6 $17 {è ò.ä.}) 21... e4 {ñëåäóåò} 22. Re3 Nxe3 23. Qxe3 d5 24. Ng3 Be7 (
24... h4 $6 25. Qb6 $1 Rc8 26. Bxa6 $1 Bxa6 27. Nh5 $1) (24... Bb4 25. Nc5 Bxc5
26. Rxc5 Qd6 27. Be2 $13) 25. Nxh5 Qxf5 26. Be2 Rc8 {ñ îñòðåéøåé áîðüáîé.}) 21.
Rb3 {Áåçðîïîòíî êàê-òî ñûãðàíî.} ({Ïóòü ê ñïàñåíèþ áåëûõ åù¸ ñóùåñòâîâàë:} 21.
Nc6 $1 Qxg1+ 22. Kxg1 ({ýíäøïèëü - èä¸ì ïîáëèæå ê öåíòðó; ê òîìó æå ñëàáî} 22.
Nxg1 Bg7 {- ñëîíû ÷¸ðíûõ îòêðîâåííî íàöåëèëèñü íà áåëûå ëàäüè}) 22... Rc8 23.
Be4 Nf6 {. È, âíèìàíèå, - ñåé÷àñ íà÷í¸òñÿ...} 24. Ne7 $3 Rxg2+ $3 25. Kxg2
Rxc3 $1 26. Nd5 $1 {È òåïåðü íå òàê õîðîøî} Bxd5 ({íàäî èãðàòü} 26... Nxe4 $1
27. Nexc3 Nxc3 28. Nxc3 $11) 27. Nxc3 Bxe4 28. Nxe4 Nxe4 29. fxe5 dxe5 30. Re3
{- ó áåëûõ åñòü åù¸ øàíñû, ïîòîìó ÷òî âñå ÷¸ðíûå ïåøêè ñëàáû, à òà ÷òî íà
å5 - òàê âîîáùå ïðîèãðûâàåòñÿ.}) 21... Qa7 22. Rg3 $2 {Ñêîëüêî, îäíàêî, ïëîõèõ
õîäîâ íàäî ñäåëàòü è íè÷üèõ óïóñòèòü, ÷òîáû äàæå òàê áûñòðî ïðîèãðàòü.} ({
Ïîñëå} 22. h3 {èãðà è áîðüáà (íåêîòîðîå âðåìÿ) åù¸ ïðîäîëæàëèñü áû:} exd4 (
22... Bxf3 23. gxf3 Nf6 24. Qe3 {
, è öåíòðàëüíàÿ ãðóïïèðîâêà áåëûõ ìîæåò íàâåñòèòü øîðîõó}) 23. Rxb7 $1 Qxb7 24.
Qxd4 Bg7 25. Be4 $1 Qe7 (25... Qd7 26. Qd3) 26. f6 Bxf6 27. Qd3 Rd8 $1 {
Èìåííî ñþäà, ïîñìàòðèâàÿ èç-çà ñïèíû ñâîåé ïåøêè íà ôåðçÿ.} 28. Bh7 Rh8 29.
hxg4 hxg4 30. Re3 Be5 $1 31. Kg1 Qh4 32. fxe5 dxe5 33. Rxe5+ Kf8 34. Qa3+ Kg7
35. Ng3 {Âñ¸ ýòî - «ôîðñàæ», êàê âû ïîíèìàåòå.} Rd1+ 36. Kf2 Qf6+ 37. Rf5
Qd4+ 38. Qe3 Qd2+ {
Óôô! Áîëåå èëè ìåíåå ïîíÿòíàÿ, â êîíöå êîíöîâ, ïîçèöèÿ ïîëó÷èëàñü.}) 22... h4
23. Rh3 exd4 24. Nxd4 Bg7 {Ìîæíî è òàê,} ({, íî áûë è «ôååðè÷íûé» ïóòü} 
24... Nf2+ $1 25. Qxf2 Bxg2+ 26. Qxg2 Rxg2 27. Kxg2 Qxd4 {è ò.ä.}) {
È âñþäó ñâÿçêè ðîêîâûå, È îò ñëîíîâ çàùèòû íåò...} 25. f6 {È íå äîæèäàÿñü}
Bxf6 {áåëûå ñäàëèñü} 0-1

[Event "8th EUROPEAN INDIVIDUAL CHESS CHAMPIONSHIP"]
[Site "Dresden/Germany"]
[Date "2007.04.11"]
[Round "8.71"]
[White "Wells, Peter"]
[Black "Nijboer, Friso"]
[Result "1/2-1/2"]
[WhiteElo "2499"]
[BlackElo "2606"]
[Annotator "Ëåáåäåâ Âàñèëèé"]
[PlyCount "115"]
[EventDate "2007.04.03"]

{Âðîäå áû óäàëîñü ðàçîáðàòüñÿ ñ âàðèàíòîì, êîòîðûé â ïîñëåäíåå
âðåìÿ íåðåäêî âñòðå÷àåòñÿ.} 1. e4 c5 2. Nf3 Nc6 3. d4 cxd4 4. Nxd4 Nf6 5. Nc3
d6 6. Bg5 e6 7. Qd2 Be7 8. O-O-O Qb6 9. Be3 {
È íà÷èíàåòñÿ âåñåëüå! Íåò - âàêõàíàëèÿ («êîììåíò» ÷åðåç 10 ìèíóò ;)} Ng4
10. Nxc6 Nxe3 (10... Qxc6 $4 11. Bb5) 11. Nxe7 Nxd1 12. Na4 ({Íî íå} 12. Nxc8
Qxb2+ 13. Kxd1 Rxc8) 12... Qxf2 13. Qxd6 Bd7 ({Â îäíîé èç ïàðòèé áûëî ñûãðàíî} 
13... Qe3+ 14. Kxd1 Qg5 $4 ({åñëè} 14... Bd7 {, òî} 15. Nc5 Rd8 {
è òåïåðü ïîñïîêîéíåå áóäåò} 16. Nxb7 ({ìîæíî è} 16. Nxd7 $5 a6 17. Bd3 $1 Qa7
18. Nc8 Rxc8 19. Nb6 Rd8 20. Qc5) 16... Qb6 17. Qxb6 axb6 18. Nxd8 Kxd8 19. Nd5
exd5 20. exd5 $18) {è òåïåðü ïóò,ì} 15. Nd5 $1 {
áåëûå äîáèâàëèñü ìãíîâåííîé ïîáåäû} (15. Nxc8 Rxc8 16. Bd3 a6 17. g3 h5 18. Qf4
Qa5 19. Nc3 f6 20. Re1 Qe5 21. Qxe5 fxe5 22. h4 Rf8 23. Ke2 Ke7 24. a4 Rf6 25.
Rf1 Rcf8 26. Rxf6 Kxf6 27. Kf3 g5 28. hxg5+ Kxg5+ 29. Kg2 h4 30. gxh4+ Kxh4 31.
a5 Kg4 32. Na4 Kf4 33. Kf2 Rh8 34. Nc5 Rh2+ 35. Kg1 Rh7 36. Nxe6+ Ke3 37. Nc5
Kd4 38. Ne6+ Ke3 39. Kg2 Re7 40. Nc5 Kd4 41. Nb3+ Ke3 42. Kg3 Rg7+ 43. Kh4 Kf4
44. Kh5 Rc7 45. Nd2 Rc6 46. Nc4 Re6 47. Nb6 Ke3 48. Kg5 Kd4 49. Bc4 Rc6 50. c3+
Kc5 51. Bd5 Rc7 52. Kf6 Rh7 53. Kxe5 Kb5 54. Nc4 Kc5 55. b4+ Kb5 56. Nd6+ {
(1-0 Arben,A (2000) - Nieminen,K (2197)/Fuegen 2006).})) 14. Nc5 Rd8 $2 {
Ïðîèãðûâàþùàÿ îøèáêà.} ({Ïî êðàéíåé ìåðå, ïîääåðæèâàëî íàïðÿæåíèå} 14... Ne3
$1 15. Qxd7+ Kf8 16. Bd3 Qxg2 17. Re1 (17. Rd1 Qf3) ({íè÷åãî íåò ïîñëå} 17.
Qd6 Qxh1+ 18. Kd2 Qg2+ 19. Kc3 Qg5 $1 20. Nc6+ Kg8 21. Ne7+ Kf8 $11) {
È òåïåðü ïðàâèëüíî} 17... Qf2 $1 ({íåâàæíî} 17... Qg5 $2 18. Qxb7 Nxc2+ 19.
Kxc2 Qxc5+ 20. Kb1 Re8 21. Nc6 Qd6 22. Bc4 Kg8 23. Rf1 f6 24. e5) 18. Rd1 $1 ({
õèòðîñòü;} 18. Rh1 Qg2) {Íî ÷¸ðíûå íå ïîïàäàþòñÿ -} 18... Qf3 $1 {
è íàäî ïîâòîðÿòüñÿ.} ({íî íå} 18... Nxd1 $2 19. Qd6 $1 Qe3+ 20. Kb1 $1 $18))
15. Nxd7 Ne3 (15... Rxd7 16. Bb5) ({À ïîçèöèþ ïîñëå} 15... Qe3+ 16. Kxd1 a6 (
16... Rxd7 17. Bb5) 17. Bd3 {ìû óæå âèäåëè:  «+-».}) 16. Nf6+ $1 gxf6 (16...
Qxf6 17. Bb5+) (16... Kf8 17. Qxd8#) 17. Bb5+ Kf8 18. Qxd8+ Kg7 {
÷¸ðíûå åù¸ íå ñäàþòñÿ, ïîòîìó ÷òî êîíü íà å7 íå èìååò ïîëåé äëÿ îòñòóïëåíèÿ.
} 19. Qd2 {Íàä¸æíî ñûãðàíî.} ({Rybka «ñîâåòóåò»} 19. Qc7) 19... Qxd2+ 20.
Kxd2 Ng4 21. Ke2 Rb8 22. Rd1 Ne5 23. Rd4 ({Ïîñëå âïîëíå «ñèöèëèàíñêîãî»} 23.
Nd5 $1 exd5 24. exd5 {áåëûå, êàê ìíå êàæåòñÿ, ïîëó÷àëè ÷èñòî òåõíè÷åñêóþ
ïîçèöèþ. Íî îíè ïîøëè ïî äðóãîìó ïóòè «îòäàâàíèÿ âçàä» ñâîåé ëèøíåé ôèãóðû.}
) 23... a6 24. Ba4 b5 25. Bb3 Re8 26. Rd6 Rxe7 27. Rxa6 Rb7 28. h3 h5 29. Ke3
Kg6 30. Ra8 h4 {Êîíü íà å5 äåðæèò âñþ ïîçèöèþ.  È ÷¸ðíûå óñòîÿëè.} 31. Kf2
Kg7 32. Rd8 Ng6 33. Ke3 Ne7 34. c3 Nc6 35. Rc8 Ne5 36. Rd8 Nc4+ 37. Bxc4 bxc4
38. Rd2 Kg6 39. Kf4 Kh5 40. Rf2 Rd7 41. b4 cxb3 42. axb3 Rd3 43. Rf3 Rd2 44.
Ke3 Rxg2 45. Rxf6 Rh2 46. Rf3 f6 47. b4 Kg5 48. Kd4 Rd2+ 49. Kc5 Rg2 50. Kd4
Rg3 51. Ke3 Rg1 52. b5 Rb1 53. c4 Rb3+ 54. Ke2 Rb2+ 55. Ke3 Rb3+ 56. Ke2 Rb2+
57. Ke3 Rb3+ 58. Ke2 1/2-1/2